Scorpions or Led Zeppelin? - Statistics

General Stats
  • This quiz has been taken 57 times
  • The average score is 17 of 20
Answer Stats
Hint Answer % Correct
Whole Lotta Love Led Zeppelin
96%
Stairway to Heaven Led Zeppelin
94%
Immigrant Song Led Zeppelin
91%
Black Dog Led Zeppelin
89%
Ramble On Led Zeppelin
89%
Rock And Roll Led Zeppelin
89%
Kashmir Led Zeppelin
89%
Send Me An Angel Scorpions
89%
Still Loving You Scorpions
89%
Good Times Bad Times Led Zeppelin
87%
Wind Of Change Scorpions
87%
Rock You Like A Hurricane Scorpions
87%
No One Like You Scorpions
87%
When The Leeve Breaks Led Zeppelin
85%
All My Love Led Zeppelin
83%
Big City Nights Scorpions
83%
Lovedrive Scorpions
81%
Another Piece Of Meat Scorpions
79%
Always Somewhere Scorpions
79%
I'm Leaving You Scorpions
72%
No matching quizzes found
Score Distribution
Percent of People with Each Score
Percentile by Number Answered
Your Score History
You have not taken this quiz